00468 2200169 4500001002100000008004100021035002000062245004300082100001600125260004700141300002700188020002200215084001400237082000800251650002600259990001300285INLIS000000000001026 ind  a0010-0120001026 aCatatan Hati Seorang IstricAsma Nadia aNadia, Asma aDepok :bAsmanadia Publishing House,c2011 axx, 316 hlm.c20,5 cm. a978-602-9055-03-0 a813 NAD c a813 aFiksi Remaja -- Novel a11900540